| 000 | 01022nam a2200193Ia 4500 | ||
|---|---|---|---|
| 003 | Ost | ||
| 005 | 20260507075112.0 | ||
| 008 | 260507s9999||||xx |||||||||||||| ||und|| | ||
| 040 | _cfsecg | ||
| 041 | _aara | ||
| 082 | _a330 | ||
| 100 |
_aالصغير حسام الدين، عبد الغني _eمؤلف |
||
| 245 | 0 |
_aالجديد في القواعد والاعراف الموحدة الاعتمادات المستندية 500 / _c عبد الغني الصغير حسام الدين |
|
| 260 |
_aالاسكندرية: _bدار الفكر الجامعي, _c2003 |
||
| 300 |
_a212 صفحة؛ _c24 سم |
||
| 504 | _aببليوغرافيا: 147ص. الملاحق: 135ص. | ||
| 520 | _aالقواعد الجديدة لفحص المستندات و مطابقتها - المعالجة التفصيلية لمستندات نقل البضاعة - الاحكام التي استحدثتها القواعد و الاعراف الموحدة - الاحكام المستحدثة لمصلحة المستفيد | ||
| 942 | _cكتاب | ||
| 999 |
_c42922 _d42922 |
||